Statystyki dla Trenerzy mistrzów piłkarskich top 5 lig i europucharów XXI w

Kliknij tutaj aby rozwiązać quiz!

Ogólne statystyki

  • Ten quiz został rozwiązany 129 razy
  • Średni wynik to 85 z 140

Statystyki odpowiedzi

LigaSezonTrener% Poprawnych
Premier League2018/2019Pep Guardiola
100%
La Liga2008/2009Pep Guardiola
100%
Premier League2017/2018Pep Guardiola
100%
Bundesliga2013/2014Pep Guardiola
100%
Bundesliga2014/2015Pep Guardiola
100%
Bundesliga2015/2016Pep Guardiola
100%
Liga Mistrzów2008/2009Pep Guardiola
100%
Liga Mistrzów2010/2011Pep Guardiola
100%
La Liga2010/2011Pep Guardiola
100%
La Liga2009/2010Pep Guardiola
100%
Bundesliga2010/2011Jürgen Klopp
96%
Premier League2019/2020Jürgen Klopp
96%
Liga Mistrzów2018/2019Jürgen Klopp
96%
Bundesliga2011/2012Jürgen Klopp
96%
Bundesliga2017/2018Carlo Ancelotti/Willy Sagnol/Jupp Heynckes
95%
Ligue 12012/2013Carlo Ancelotti
94%
Liga Mistrzów2002/2003Carlo Ancelotti
94%
Serie A2003/2004Carlo Ancelotti
94%
Bundesliga2016/2017Carlo Ancelotti
94%
Liga Mistrzów2006/2007Carlo Ancelotti
94%
Premier League2009/2010Carlo Ancelotti
94%
Liga Mistrzów2013/2014Carlo Ancelotti
94%
Liga Mistrzów2009/2010José Mourinho
92%
Serie A2009/2010José Mourinho
92%
Liga Europy2016/2017José Mourinho
92%
Puchar UEFA2002/2003José Mourinho
92%
Premier League2004/2005José Mourinho
92%
Premier League2005/2006José Mourinho
92%
Serie A2008/2009José Mourinho
92%
Premier League2014/2015José Mourinho
92%
La Liga2011/2012José Mourinho
92%
Liga Mistrzów2003/2004José Mourinho
92%
Liga Mistrzów2015/2016Rafael Benítez/Zinédine Zidane
92%
Liga Mistrzów2016/2017Zinédine Zidane
91%
Liga Mistrzów2017/2018Zinédine Zidane
91%
La Liga2016/2017Zinédine Zidane
91%
La Liga2019/2020Zinédine Zidane
91%
Bundesliga2019/2020Niko Kovač/Hans-Dieter Flick
89%
Liga Mistrzów2019/2020Niko Kovač/Hans-Dieter Flick
89%
Ligue 12018/2019Thomas Tuchel
89%
Ligue 12019/2020Thomas Tuchel
89%
Liga Mistrzów2007/2008Sir Alex Ferguson
86%
Premier League2000/2001Sir Alex Ferguson
86%
Premier League2010/2011Sir Alex Ferguson
86%
Premier League2002/2003Sir Alex Ferguson
86%
Premier League2008/2009Sir Alex Ferguson
86%
Premier League2012/2013Sir Alex Ferguson
86%
Premier League2007/2008Sir Alex Ferguson
86%
Premier League2006/2007Sir Alex Ferguson
86%
Premier League2016/2017Antonio Conte
84%
Serie A2011/2012Antonio Conte
84%
Serie A2012/2013Antonio Conte
84%
Serie A2013/2014Antonio Conte
84%
La Liga2015/2016Luis Enrique
77%
La Liga2014/2015Luis Enrique
77%
Liga Mistrzów2014/2015Luis Enrique
77%
Liga Mistrzów2012/2013Jupp Heynckes
76%
Bundesliga2012/2013Jupp Heynckes
76%
Serie A2015/2016Massimiliano Allegri
75%
Serie A2010/2011Massimiliano Allegri
75%
Serie A2017/2018Massimiliano Allegri
75%
Serie A2018/2019Massimiliano Allegri
75%
Serie A2014/2015Massimiliano Allegri
75%
Serie A2016/2017Massimiliano Allegri
75%
Liga Europy2017/2018Diego Simeone
74%
La Liga2013/2014Diego Simeone
74%
Liga Europy2011/2012Diego Simeone
74%
Serie A2019/2020Maurizio Sarri
70%
Liga Europy2018/2019Maurizio Sarri
70%
Premier League2001/2002Arsène Wenger
67%
Premier League2003/2004Arsène Wenger
67%
Ligue 12017/2018Unai Emery
67%
Liga Europy2014/2015Unai Emery
67%
Liga Europy2015/2016Unai Emery
67%
Liga Europy2013/2014Unai Emery
67%
Bundesliga2018/2019Niko Kovač
65%
Puchar UEFA2003/2004Rafael Benítez
65%
Liga Mistrzów2004/2005Rafael Benítez
65%
Liga Europy2012/2013Rafael Benítez
65%
La Liga2001/2002Rafael Benítez
65%
La Liga2003/2004Rafael Benítez
65%
La Liga2018/2019Ernesto Valverde
64%
La Liga2017/2018Ernesto Valverde
64%
Premier League2015/2016Claudio Ranieri
61%
Liga Mistrzów2011/2012Roberto Di Matteo
55%
Premier League2013/2014Manuel Pellegrini
54%
Liga Mistrzów2005/2006Frank Rijkaard
52%
La Liga2005/2006Frank Rijkaard
52%
La Liga2004/2005Frank Rijkaard
52%
La Liga2012/2013Tito Vilanova
48%
Bundesliga2009/2010Louis van Gaal
47%
Premier League2011/2012Roberto Mancini
47%
Serie A2007/2008Roberto Mancini
47%
Serie A2006/2007Roberto Mancini
47%
Serie A2005/2006Roberto Mancini
47%
Ligue 12015/2016Laurent Blanc
45%
Ligue 12013/2014Laurent Blanc
45%
Ligue 12008/2009Laurent Blanc
45%
Ligue 12014/2015Laurent Blanc
45%
La Liga2002/2003Vicente del Bosque
45%
La Liga2000/2001Vicente del Bosque
45%
Liga Mistrzów2001/2002Vicente del Bosque
45%
Liga Europy2019/2020Julen Lopetegui
42%
Serie A2004/2005*Fabio Capello
36%
La Liga2006/2007Fabio Capello
36%
Serie A2000/2001Fabio Capello
36%
Serie A2002/2003Marcello Lippi
27%
Serie A2001/2002Marcello Lippi
27%
Ligue 12009/2010Didier Deschamps
25%
Bundesliga2007/2008Ottmar Hitzfeld
25%
Bundesliga2000/2001Ottmar Hitzfeld
25%
Liga Mistrzów2000/2001Ottmar Hitzfeld
25%
Bundesliga2002/2003Ottmar Hitzfeld
25%
Liga Europy2010/2011André Villas-Boas
24%
Ligue 12016/2017Leonardo Jardim
23%
La Liga2007/2008Bernd Schuster
12%
Bundesliga2004/2005Felix Magath
12%
Bundesliga2005/2006Felix Magath
12%
Bundesliga2008/2009Felix Magath
12%
Puchar UEFA2005/2006Juande Ramos
12%
Puchar UEFA2006/2007Juande Ramos
12%
Ligue 12010/2011Rudi Garcia
10%
Puchar UEFA2008/2009Mircea Lucescu
9%
Ligue 12006/2007Gérard Houllier
8%
Puchar UEFA2000/2001Gérard Houllier
8%
Ligue 12005/2006Gérard Houllier
8%
Puchar UEFA2007/2008Dick Advocaat
7%
Liga Europy2009/2010Quique Sánchez Flores
5%
Bundesliga2006/2007Armin Veh
3%
Ligue 12004/2005Paul Le Guen
3%
Ligue 12003/2004Paul Le Guen
3%
Ligue 12002/2003Paul Le Guen
3%
Bundesliga2003/2004Thomas Schaaf
3%
Ligue 12001/2002Jacques Santini
2%
Bundesliga2001/2002Matthias Sammer
2%
Ligue 12007/2008Alain Perrin
1%
Ligue 12011/2012René Girard
1%
Puchar UEFA2001/2002Bert van Marwijk
0%
Ligue 12000/2001Raynald Denoueix
0%
Puchar UEFA2004/2005Walerij Gazzajew
0%

Rozkład punktacji

Percentyl według liczby udzielonych odpowiedzi

Procent ludzi z każdym wynikiem

Twoja historia wyników

Nie rozwiązałeś tego quizu